000 00644cam a2200205 a 4500
020 _a9789995052249
040 _cDLC
082 _a935 CDR 2008 A104 Co.
100 1 _aHorng, Vuthy.
245 1 0 _aAccountability and planning in decentralised Cambodia /
260 _aPhnom Penh :
_bCDRI,
_c2008.
300 _a133 p. :
_bill. ;
_c30 cm.
490 0 _aWorking paper series ;
500 _a"July 2008."
650 0 _aGovernment accountability
650 0 _aDecentralization in government
700 1 _aDavid, Craig,
710 2 _aVidyāsthān Paṇṭuḥ Paṇṭāl niṅ Srāvjrāv ṭoempī Qabhivaḍḍhn ̊Kambujā.
942 _cEK
999 _c16157
_d16157